Empowerment journey of women representatives in the panchayati raj institutions of Bihar (Record no. 525472)
[ view plain ]
| 000 -LEADER | |
|---|---|
| fixed length control field | 01240nam a22001457a 4500 |
| 008 - FIXED-LENGTH DATA ELEMENTS--GENERAL INFORMATION | |
| fixed length control field | 240306b ||||| |||| 00| 0 eng d |
| 100 ## - MAIN ENTRY--PERSONAL NAME | |
| Personal name | Anuja |
| 245 ## - TITLE STATEMENT | |
| Title | Empowerment journey of women representatives in the panchayati raj institutions of Bihar |
| 260 ## - PUBLICATION, DISTRIBUTION, ETC. (IMPRINT) | |
| Place of publication, distribution, etc | Bihar Journal of Public Administration |
| 300 ## - PHYSICAL DESCRIPTION | |
| Extent | 20(2 S), Jul-Dec, 2023: p.638-648 |
| 520 ## - SUMMARY, ETC. | |
| Summary, etc | Rural India is a distinct entity with its own challenges and issues, especially gendered in their manifestation. Inequality traps appear in not just economic inequality but also political inequality where women are discouraged to participate in politics which further affects their ability to meaningfully voice their woes and wishes. But introduction of new Panchayati Raj arrangements has paved their way to political arena. For past two decades women in Panchayati Raj Institutions (PRIs) have been gradually growing in terms of self-assertive roles, particularly in Bihar. With this assumption in mind, the present paper attempts to conceptualise the pattern of women’s political empowerment through PRIs. – Reproduced http://www.iipabiharbranch.org/ |
| 773 ## - HOST ITEM ENTRY | |
| Main entry heading | Bihar Journal of Public Administration |
| 906 ## - LOCAL DATA ELEMENT F, LDF (RLIN) | |
| Subject DIP | RURAL DEVELOPMENT |
| 942 ## - ADDED ENTRY ELEMENTS (KOHA) | |
| Item type | Articles |
| Withdrawn status | Lost status | Source of classification or shelving scheme | Damaged status | Not for loan | Permanent location | Current location | Date acquired | Serial Enumeration / chronology | Barcode | Date last seen | Koha item type |
|---|---|---|---|---|---|---|---|---|---|---|---|
| Indian Institute of Public Administration | Indian Institute of Public Administration | 2024-03-06 | 20(2 S), Jul-Dec, 2023: p.638-648 | AR131269 | 2024-03-06 | Articles |
